[Event "GER CupT 1920 prel4"]
[Site "Hamburg"]
[Date "2020.01.11"]
[Round "1.4"]
[White "Griebenow, Jan Luca"]
[Black "Moritz, Hartmut"]
[Result "1/2-1/2"]
[WhiteElo "1573"]
[BlackElo "2074"]
[PlyCount "106"]
[EventDate "2020.01.11"]
[EventType "team-k.o."]
[EventRounds "2"]
[EventCountry "GER"]
[SourceTitle "EXT 2021"]
[Source "ChessBase"]
[SourceDate "2020.10.23"]
[SourceVersion "1"]
[SourceVersionDate "2020.10.23"]
[SourceQuality "1"]
[WhiteTeam "Segeberg SF"]
[BlackTeam "Graal Mueritz"]
[WhiteTeamCountry "GER"]
[BlackTeamCountry "GER"]

1. d4 Nf6 2. Nf3 b5 3. Nbd2 Bb7 4. e3 a6 5. Bd3 e6 6. 0-0 c5 7. c3 Nc6 8. Qe2 d5 9. Rd1 Qc7 10. e4 cxd4 11. cxd4 Nb4 12. e5 Nxd3 13. exf6 Nf4 14. Qe3 gxf6 15. g3 Rg8 16. Kf1 Qc2 17. Qxf4 Qxd1+ 18. Kg2 Rc8 19. Nb3 Be7 20. Bd2 Qe2 21. Re1 Qd3 22. Nh4 Kd7 23. Re3 Qc2 24. Bc1 Qc7 25. Qf3 a5 26. Qe2 Qc4 27. Qh5 Rcf8 28. Rc3 Qa4 29. Bh6 Qxa2 30. Bxf8 Rxf8 31. Qe2 Bc6 32. Nf3 b4 33. Rxc6 Kxc6 34. Qa6+ Kc7 35. Nxa5 Rb8 36. Qc6+ Kd8 37. Nb7+ Rxb7 38. Qxb7 Qc4 39. Qb8+ Qc8 40. Qb5 Bd6 41. Qd3 Ke7 42. h4 h5 43. Nd2 f5 44. Nf3 f4 45. Ng5 Qg8 46. Qb5 fxg3 47. fxg3 Qg6 48. Qb7+ Kf6 49. Qc6 Be7 50. Qc7 Qf5 51. b3 Qd3 52. Qf4+ Qf5 53. Qc7 Qd3 1/2-1/2